Movies Quiz

Random Movies Quiz

Kenny Loggins Soundtracks Quiz Stats

 Plays Quiz not verified by Sporcle

Score 0/14 Timer 05:00
0 Plays Today
Song Title Movie % Correct
Danger ZoneTop Gun
91.9%
I'm AlrightCaddyshack
64.9%
I'm FreeFootloose
59.5%
Nobody's FoolCaddyshack II
28.4%
Meet Me HalfwayOver the Top
27%
Your Heart Will Lead You HomeThe Tigger Movie
18.9%
Mr. NightCaddyshack
12.2%
Song Title Movie % Correct
Lead the WayCaddyshack
10.8%
For the First TimeOne Fine Day
10.8%
Double or NothingRocky IV
9.5%
Your Mama Don't DanceRV
5.4%
Whenever I Call You FriendSafe
2.7%
Danny's SongWet Hot American Summer
2.7%
You Don't Know MePersonal Best
2.7%

You're not logged in!

Compare scores with friends on all Sporcle quizzes.
OR
Log In

Show Comments

Extras

Created Oct 23, 2010ReportNominate
Tags:Kenny Loggins, soundtrack

Top Quizzes Today


Score Distribution

Your Account Isn't Verified!

In order to create a playlist on Sporcle, you need to verify the email address you used during registration. Go to your Sporcle Settings to finish the process.

Report this User

Report this user for behavior that violates our Community Guidelines.

Details: